Poder local, gestión popular y desarrollo : programa de formación de dirigentes populares /
Guardat en:
| Autor principal: | |
|---|---|
| Altres autors: | |
| Format: | Llibre |
| Idioma: | Spanish |
| Publicat: |
Managua, Nicaragua
Instituto Nicaraguense de Investigación y Educación Popular, INIEP ; CEBEMO, NL ; IIZ-DDV, DE
1995
|
| Edició: | 3era. edición revisada / |
| Matèries: | |
| Etiquetes: |
Afegir etiqueta
Sense etiquetes, Sigues el primer a etiquetar aquest registre!
|
MARC
| LEADER | 00000nam a22000007a 4500 | ||
|---|---|---|---|
| 003 | cru CIDCACS/IIS | ||
| 005 | 20171214170629.0 | ||
| 008 | 171214b19931995n obad|||||||||| ||spa d | ||
| 999 | |c 40753 |d 40753 | ||
| 040 | |c cru CIDCACS/IIS | ||
| 090 | |a 00.00.00 CHxxxp | ||
| 100 | 1 | 0 | |9 6269 |a Chavez, Harry |
| 245 | 1 | 0 | |a Poder local, gestión popular y desarrollo : |b programa de formación de dirigentes populares / |c recopilación, adaptación y elaboración de Harry Chaves y Sonia Medrano |
| 250 | |a 3era. edición revisada / |b edición al cuido de Roberto Sáenz y Sonia Medrano | ||
| 260 | |a Managua, Nicaragua |b Instituto Nicaraguense de Investigación y Educación Popular, INIEP ; CEBEMO, NL ; IIZ-DDV, DE |c 1995 | ||
| 300 | |a 79 páginas | ||
| 500 | |a Colección Alforja | ||
| 650 | 1 | 0 | |9 4896 |a EDUCACION COMUNITARIA |
| 650 | 1 | 0 | |9 3756 |a PODER DE LA COMUNIDAD |
| 650 | 1 | 0 | |9 377 |a DESARROLLO DE LA COMUNIDAD |
| 650 | 1 | 0 | |9 4115 |a LIDERAZGO |
| 650 | 1 | 0 | |9 2519 |a COMUNIDADES |
| 650 | 1 | 0 | |9 2125 |a PARTICIPACION SOCIAL |
| 650 | 1 | 0 | |9 2527 |a PARTICIPACION COMUNITARIA |
| 650 | 1 | 0 | |9 3913 |a PLANIFICACIÓN |
| 700 | 1 | |9 6270 |a Medrano, Sonia | |
| 942 | |2 ddc |c LI | ||
